| 000 | 01044cam a22003131 4500 | ||
|---|---|---|---|
| 001 | 76852 | ||
| 003 | BD-RjUL | ||
| 005 | 20211209082909.0 | ||
| 008 | 200127t19651952nyuac b 001 0 eng | ||
| 035 | _a(BD-RjUL)77076 | ||
| 035 | _a(OCoLC)5786178 | ||
| 040 |
_aDLC _cNSySU-F _dDLC _beng |
||
| 041 | _aeng | ||
| 042 | _apremarc | ||
| 082 |
_a668.4233 _223 _bSTY 1952 |
||
| 100 | 1 |
_aBoundy, Ray H., _d1903- _eed. _9238447 |
|
| 245 | 1 | 0 |
_aStyrene: its polymers, copolymers, and derivatives / _cedited by Ray H. Boundy, Raymond F. Boyer, and Sylvia M. Stoesser. |
| 260 |
_aNew York, _bHafner Pub. Co. _c[1955] c1952] |
||
| 300 |
_a(xxii, 1304 p. : _billus., port. ; _c24 cm. |
||
| 410 | 2 | 0 |
_aAmerican chemical society ; _bMonograph series _v[no. 115] |
| 504 | _aIncludes bibliographies. | ||
| 650 | 0 |
_aStyrene. _9205116 |
|
| 700 | 1 |
_aBoyer, Raymond F., _9238451 |
|
| 700 | 1 |
_aStoesser, Sylvia M., _9238449 |
|
| 906 |
_a7 _bcbc _coclcrpl _du _encip _f19 _gy-gencatlg |
||
| 942 |
_2ddc _cBK |
||
| 999 |
_c76852 _d76852 |
||